Použitie bambuterolu alebo jeho farmaceutický prijateľnej soli na výrobu farmaceutického prostriedku s účinkami znižujúcimi hladinu lipidov. A 61K 31/27

Bibliographic Details
Main Author: Bauer, Carl-Axel (Author)
Format: Book
Language:Undetermined
PhysicalDescription:3 s.
Published: Bratislava Úrad priemyselného vlastníctva SR 1998

MARC

LEADER 00000nam a2200000 a 4500
001 vtls001329915
003 SK-MaSNL
005 20260301200419.0
008 240313sm y0 xo 0 und
035 |a SNK000282773 
040 |a SNK  |b slo  |c SNK  |e AACR2 
044 |a xo  |c SK 
100 1 |a Bauer, Carl-Axel  |4 aut  |9 579563 
245 1 |a Použitie bambuterolu alebo jeho farmaceutický prijateľnej soli na výrobu farmaceutického prostriedku s účinkami znižujúcimi hladinu lipidov. A 61K 31/27 
260 |a Bratislava  |b Úrad priemyselného vlastníctva SR  |c 1998 
300 |a 3 s. 
999 |c 890366  |d 892296 
952 |t P60, <04>, [BOOK], {604}  |a SNK  |b SNK  |y VYP  |7 0  |p 17A0138069  |o snkSK 278815  |i snkPS 125/98  |0 0  |1 0  |4 0  |d 1998-04-30  |l 0  |r 2005-01-02 00:00:00  |w 2026-02-24